| 000 | 00787nmm a2200253 a 4500 | ||
|---|---|---|---|
| 001 | ocm000701539 | ||
| 003 | TR-IsHL | ||
| 005 | 20201028133421.0 | ||
| 008 | 131121s1982 tu tur | ||
| 007 | cr cn | ||
| 035 |
_a701539 _b(N$T) |
||
| 050 | 0 | 4 |
_aWY159 _b.C63 1982 |
| 090 | 0 | 4 |
_aWY159 _b.C63 1982 |
| 245 | 1 | 0 |
_aÇocuk hemşireliği bilgisi _h[electronic resource] / _cOlcay Neyzi ... [ve öte.] |
| 260 |
_aİstanbul : _bAvrupa Tıp Kitapçılık, _c1982 |
||
| 300 | _a548 p. | ||
| 650 | 4 | _aTıp | |
| 650 | 4 | _aMedicine | |
| 650 | 0 |
_aPediatri _x Hemşirelik |
|
| 650 | 0 |
_aPediatrics _x Nursing |
|
| 650 | 7 |
_aMEDICAL / Pediatrics _2bisacsh |
|
| 700 | 1 | _aNeyzi, Olcay | |
| 856 | 4 | 0 | _uhttp://search.ebscohost.com/login.aspx?direct=true&scope=site&db=e011xww&AN=701539 |
| 999 |
_c5631 _d5631 |
||